The Stalinist terror in the thirties ; documentation from the Soviet press /

Bibliographic Details
Main Author: Lewytzkyj, Borys
Format: Book
Language:English
Published: Stanford, Calif. : Hoover Institution Press, [1974]
Series:Hoover Institution publication ; 126.
Subjects:

MARC

Tag First Indicator Second Indicator Subfields
LEADER 00000cam a2200000 4500
001 in00000263821
005 20151010055413.0
008 740624s1974 cauc b 00010ceng
010 |a  72137404  
020 |a 0817912614  |c $14.50 
035 |a (OCoLC)00997322 
035 |9 ABD0571AM 
040 |a DLC  |c DLC  |d TXA  |d UtOrBLW 
043 |a e-ur--- 
049 |a TXAM  |c [925294] 
050 0 0 |a DK267  |b .L425 
082 0 |a 947.084/2 
100 1 |a Lewytzkyj, Borys. 
245 1 4 |a The Stalinist terror in the thirties ;  |b documentation from the Soviet press /  |c Compiled with pref. and introd. by Borys Levytsky. 
264 1 |a Stanford, Calif. :  |b Hoover Institution Press,  |c [1974] 
264 4 |c [©1974] 
300 |a xxvii, 521 pages :  |b portraits ;  |c 24 cm. 
336 |a text  |b txt  |2 rdacontent 
337 |a unmediated  |b n  |2 rdamedia 
338 |a volume  |b nc  |2 rdacarrier 
490 1 |a Hoover Institution publications, 126 
504 |a Bibliography: pages 519-521. 
610 2 0 |a Kommunisticheskai͡a partii͡a Sovetskogo Soi͡uza  |x Purges. 
650 0 |a Terrorism  |z Soviet Union. 
651 0 |a Soviet Union  |x Politics and government  |y 1936-1953. 
651 0 |a Soviet Union  |v Biography. 
830 0 |a Hoover Institution publication ;  |v 126. 
999 |a MARS 
999 f f |s 94d3ae23-fe1e-3f1d-99c5-d4467fa8d2c6  |i f643135b-cba4-3225-97c5-90c88e9b264c  |t 0 
952 f f |p normal  |a Texas A&M University  |b College Station  |c Sterling C. Evans Library  |d Evans: Library Stacks  |t 0  |e DK267 .L425  |h Library of Congress classification  |i unmediated -- volume  |m A14802005998 
998 f f |a DK267 .L425  |t 0  |l Evans: Library Stacks